Star Wars: All Sith/Dark Side Users/Allies (Canon) - Statistics

General Stats
  • This quiz has been taken 1,388 times
    766 since last reset
  • The average score is 15 of 42
Answer Stats
First Seen/Introduced In: Answer % Correct
Episode I: The Phantom Menace Darth Maul
98%
Darth Sidious/Emperor Palpatine/Sheev Palpatine
97%
Episode II: Attack of the Clones Darth Tyranus/Count Dooku
97%
Darth Vader/Anakin Skywalker
92%
Asajj Ventress
79%
Tales of the Jedi Unidentified Inquisitor
79%
Savage Opress
66%
War of the Bounty Hunters (Comic Series) Ren
65%
Clone Wars General Grievous
64%
Episode VII: The Force Awakens Kylo Ren/Ben Solo
62%
Darth Vader: Dark Lord of the Sith (Comic Series) The Grand Inquisitor
56%
Supreme Leader Snoke
52%
Second Sister/Trilla Suduri
50%
Fifth Brother
47%
Obi-Wan Kenobi Third Sister/Reva Sevander
47%
Seventh Sister
44%
Ninth Sister/Masana Tide
43%
Episode III: Revenge of the Sith Darth Plagueis
40%
Darth Bane
38%
Sixth Brother/Bil Valen
38%
Eighth Brother
37%
Fourth Sister (Technical first appearence, mentioned previously)
37%
Mother Talzin
36%
Barriss Offee
32%
Jedi of the Republic – Mace Windu (Comic Series) Tenth Brother/Prosset Dibs
30%
Pong Krell
24%
The Son
21%
Jedi: Fallen Order Taron Malicos
19%
Bode Akuna
13%
Jedi: Survivor Dagan Gera
13%
Darth Momin
7%
Cardo (Knight of Ren)
4%
Darth Shaa
3%
Kuruk (Knight of Ren)
3%
Trudgen (Knight of Ren)
3%
Vicrul (Knight of Ren)
3%
The Rise of Kylo Ren (Comic Series) Ap'lek (Knight of Ren
1%
Bazzra (Knight of Ren)
1%
Fyodor (Knight of Ren)
1%
Marinda (Knight of Ren)
1%
Massif (Knight of Ren)
1%
Ushar (Knight of Ren)
1%
No matching quizzes found
Score Distribution
Percent of People with Each Score
Percentile by Number Answered
Your Score History
You have not taken this quiz since the last reset